| 000 | 00490nam a22001817a 4500 | ||
|---|---|---|---|
| 999 |
_c531561 _d531561 |
||
| 003 | NUST | ||
| 005 | 20191018151207.0 | ||
| 008 | 191018b ||||| |||| 00| 0 eng d | ||
| 020 | _a 9788275980289 | ||
| 038 | _aMSOHAIL | ||
| 082 | _a0 | ||
| 100 |
_aLeif Vinogg, Ivar Elstad _924410 |
||
| 245 | _aMechanical equipment | ||
| 250 | _aVol-12 | ||
| 260 |
_aNoreay _bNorwegian Institute of Technology, Division of Hydraulic Engineering, _c1993 |
||
| 300 |
_a130,p; _c28cm |
||
| 942 |
_2ddc _cBK |
||